Stellan Skarsgård Filmography - Statistics

General Stats
  • This quiz has been taken 81 times
    23 since last reset
  • The average score is 45 of 164
Answer Stats
Type Year Name % Correct
Film 2011 Thor
100%
Film 2015 Avengers: Age of Ultron
91%
Film 1997 Good Will Hunting
91%
Film 2008 Mamma Mia!
91%
Film | Video Game 2007 Pirates of the Caribbean: At World's End
91%
Film 2012 The Avengers
91%
Film 2013 Thor: The Dark World
91%
Film 2018 Mamma Mia! Here We Go Again
82%
Film 2006 Pirates of the Caribbean: Dead Man's Chest
82%
Film 2021 Dune
73%
Film 2022 Thor: Love and Thunder
73%
Web Series 2022-2025 Andor
64%
Film 2009 Angels & Demons
64%
TV Mini-Series 2019 Chernobyl
64%
Film 2024 Dune: Part Two
64%
Film 2013 NYMPH()MANIAC
64%
Film 2025 Sentimental Value
64%
Film 1990 The Hunt for Red October
64%
Film 2003 Dogville
55%
Film 2011 Melancholia
55%
Film 2011 The Girl with the Dragon Tattoo
55%
Film 2017 Borg vs McEnroe
45%
Film 1997 Insomnia
45%
Film 1998 Ronin
45%
Film 1997 Amistad
36%
Film 2005 Beowulf & Grendel
36%
Film 1996 Breaking the Waves
36%
Film 2015 Cinderella
36%
Film 1999 Deep Blue Sea
36%
TV Show 2008 Entourage
36%
Film 2004 King Arthur
36%
Film 2000 Aberdeen
27%
Film 1984 Åke and His World
27%
Film 1973 Anita: Swedish Nymphet
27%
TV Mini-Series 2010 Arn
27%
Film 2008 Arn - The Kingdom at Road's End
27%
Film 2010 A Somewhat Gentle Man
27%
Film 1973 Åttonde budet
27%
Short Film 1973 Åttonde Budet
27%
Film 1973 Bröllopet
27%
Film 1989 Codename Coq Rouge
27%
TV Film 1985 Den tragiska historien om Hamlet - Prins av Danmark
27%
Film 2005 Dominion: Prequel to the Exorcist
27%
Film 2004 Exorcist: The Beginning
27%
Film 1985 False as Water
27%
Film 1972 Firmafesten
27%
Film 1988 Friends
27%
Film 1990 Good Evening, Mr. Wallenberg
27%
Film 2006 Goya's Ghosts
27%
Film 1996 Harry och Sonja
27%
Film 2014 Hector and the Search for Happiness
27%
Film 1977 Hemåt i natten
27%
Film 1987 Hip Hip Hurrah!
27%
Film 2014 In Order of Disappearance
27%
Film 1987 Jim & piraterna Blom
27%
Short Film 1981 Kyssen
27%
Film 2010 Moomins and the Comet Chase
27%
Film 2017 Moomins and the Winter Wonderland
27%
Film 1997 My Son the Fanatic
27%
Film 1985 Noon Wine
27%
Film 2000 Passion of Mind
27%
Film 1983 P & B
27%
Film 1985 Peter-No-Tail in Americat
27%
TV Show 2012 Playhouse Presents
27%
Film 2013 Romeo & Juliet
27%
Film 1993 Sista dansen
27%
Film 1972 Strandhugg i somras
27%
Film 1975 Swedish Sex Games
27%
Film 1989 S/Y Joy
27%
Film 1977 Taboo
27%
Film 1992 The Democratic Terrorist
27%
Film 1995 The Dogs of Riga
27%
Film 1995 The Jönsson Gang's Greatest Robbery
27%
TV Mini-Series 1997 The Kingdom II
27%
Film 2018 The Man Who Killed Don Quixote
27%
Film 1991 The Ox
27%
Film 2019 The Painted Bird
27%
Film 1988 The Perfect Murder
27%
Film 2013 The Railway Man
27%
Film 1986 The Serpent's Way
27%
Film 1982 The Simple-Minded Murderer
27%
TV Show 2020 The Simpsons
27%
Film 1993 The Slingshot
27%
Film 1988 The Unbearable Lightness of Being
27%
Film 1989 The Women on the Roof
27%
Film 1988 Vargens tid
27%
Film 1992 Wind
27%
Film 1995 Zero Kelvin
27%
Film 2007 Arn - The Knight Templar
18%
Film 2010 As If I Am Not There
18%
TV Mini-Series 1985 August Strindberg: Ett liv
18%
TV Mini-Series 1981 Babels hus
18%
Film 2009 Boogie Woogie
18%
Film 2002 City of Ghosts
18%
TV Film 2001 D-dag - Den færdige film
18%
Film 2004 Eiffeltornet
18%
TV Mini-Series 1983 Farmor och vår herre
18%
TV Film 1989 Förhöret
18%
Film 2010 Frankie & Alice
18%
Film 1998 Glasblåsarns barn
18%
TV Film 2008 God on Trial
18%
Film 2017 Gordon & Paddy
18%
Film 2005 Guilty Hearts
18%
TV Film 2000 Harlan County War
18%
Film 2019 Hope
18%
TV Film 1983 Hustruskolan
18%
Film 2006 Kill Your Darlings
18%
Film 2010 King of Devil's Island
18%
Film 2001 Kiss Kiss (Bang Bang)
18%
TV Film 1972 Magnetisören
18%
TV Show 2008 Masterpiece
18%
Film 2009 Metropia
18%
Film 2019 Music, War and Love
18%
Film 2002 No Good Deed
18%
TV Film 1981 Olsson per sekund eller Det finns ingen anledning till oro
18%
Film 2016 Our Kind of Traitor
18%
Film 2019 Out Stealing Horses
18%
TV Film 1990 Parker Kane
18%
Film 2017 Return to Montauk
18%
TV Mini-Series 2015 River
18%
TV Show 2012 Rouge Brésil
18%
Film 1998 Savior
18%
Film 2000 Signs & Wonders
18%
TV Mini-Series 1981 Skärp dig, älskling
18%
TV Mini-Series 1990 S*M*A*S*H*
18%
Documentary 2010 Submission
18%
Film 2001 Taking Sides
18%
Film 2001 The Glass House
18%
Film 2007 The Killing Gene
18%
Film 2013 The Physician
18%
TV Film 1989 The Wild Duck
18%
Film 2000 Timecode
18%
Film 2003 To Kill a Child
18%
Short Film 2005 Torte Bluma
18%
Film 2007 WΔZ
18%
TV Show 1968 Bombi Bitt och jag
9%
TV Mini-Series 2003 Helen of Troy
9%
Short Film 2001 Powder Keg
9%
TV Film 2014 Quarry
9%
Film 2022 What Remains
9%
Theater 1986 A Dreamplay
0%
Documentary Mini-Series 2025 Andor: Declassified
0%
Short Film 2003 Att Döda ett Barn
0%
TV Film 2000 D-Day
0%
TV Film 2000 D-Day: Lise
0%
TV Show 1971 Den Byxlöse Äventyraren
0%
Short Film 2010 Dimension 1991-2024
0%
TV Show 1989 Familjen Schedblad
0%
Short Documentary 2000 Jag Minns Lena Svedberg
0%
TV Film 1977 Kalkonen
0%
Film 2020 Last Words
0%
Film 1993 Murder at the Savoy
0%
Short Documentary 2012 Our Need for Consolation
0%
Commercial 2002 Ramlösa Bottled Water
0%
TV Mini-Series 2012-2013 Red Brazil
0%
TV Mini-Series 1994 Report to Heaven
0%
Music Video 2011 Sadness Is a Blessing
0%
Short Film 2012 Small Cut and All Small Variegated
0%
Short Film 2022 Soul of a Man
0%
Film 2020 The Ape Star
0%
Short Film 2004 The Eiffel Tower
0%
Documentary 1997 The Volcano Man
0%
Music Video 1991 Vem Tänder Stjärnorna
0%
No matching quizzes found
Score Distribution
Percent of People with Each Score
Percentile by Number Answered
Your Score History
You have not taken this quiz since the last reset